000 01703cam a2200421 i 4500
001 14942470
003 EG-ScBUE
005 20240703104824.0
008 070726t2008 enka f b f001 0deng d
020 _a9780195326345 (pbk. : alk. paper)
020 _a0195326342 (pbk. : alk. paper)
040 _aDLC
_beng
_erda
_cDLC
_dBAKER
_dBTCTA
_dYDXCP
_dC#P
_dDLC
_dEG-ScBUE
043 _an-us---
_ae------
082 0 4 _a973.91
_222
_bRAU
100 1 _aRauchway, Eric,
_eauthor.
_936247
245 1 4 _aThe great depression & the new deal :
_ba very short introduction /
_cEric Rauchway.
246 3 _aThe great depression and the new deal
264 1 _aOxford, United Kingdom :
_bOxford University Press,
_c[2008]
264 4 _cc2008
300 _a150 pages :
_billustrations ;
_c18 cm.
336 _2rdacontent
_atext
_btxt
337 _aunmediated
_2rdamedia
_bn
338 _avolume
_bnc
_2rdacarrier
490 0 _aVery Short Introductions ;
_v166
504 _aIncludes bibliographical references and index.
600 1 7 _aRoosevelt, Franklin D.
_q(Franklin Delano),
_d1882-1945.
_2BUEsh
_936248
650 7 _aDepressions
_y1929
_zUnited States.
_2BUEsh
_936249
650 7 _aNew Deal, 1933-1939.
_936250
_2BUEsh
650 7 _aDepressions
_y1929
_zEurope.
_2BUEsh
_936251
651 7 _aUnited States
_xHistory
_y1919-1933.
_2BUEsh
_936252
651 7 _aUnited States
_xHistory
_y1933-1945.
_2BUEsh
_936253
651 7 _aUnited States
_xEconomic conditions
_y1918-1945.
_2BUEsh
_936254
651 7 _aUnited States
_xSocial conditions
_y1933-1945.
_2BUEsh
_936255
651 7 _aEurope
_xEconomic conditions
_y1918-1945.
_2BUEsh
_936256
653 _bBUSBOL
_cOctober2014
655 _vReading book
_934232
942 _2ddc
_cBB
999 _c18467
_d18439